| 000 | 00410nam a2200157Ia 4500 | ||
|---|---|---|---|
| 008 | 221030s9999 xx 000 0 und d | ||
| 020 | _a9812400583 | ||
| 041 | _aEnglish | ||
| 082 |
_a105.23 _bMil |
||
| 100 | _aM. A. Miller | ||
| 245 | 0 |
_aData & Network Communications ( DEPARTMENTAL ) _cby M. A. Miller |
|
| 260 |
_bVikas Pub. _aNew Delhi _c2000 |
||
| 300 | _a522 | ||
| 650 | _aECE Departmental | ||
| 942 | _cBK | ||
| 999 |
_c1111 _d1111 |
||